Ben Affleck Movies! - Statistics

General Stats
  • This quiz has been taken 51 times
    37 since last reset
  • The average score is 21 of 85
Answer Stats
Year Project % Correct
1997 Good Will Hunting
89%
2012 Argo
85%
2003 Gigli
81%
2001 Pearl Harbor
78%
2017 Justice League
74%
1997 Chasing Amy
70%
1995 Mallrats
70%
2003 Daredevil
67%
1999 Dogma
67%
2014 Gone Girl
67%
2016 Batman V. Superman: Dawn of Justice
63%
2001 Jay and Silent Bob Strike Back
59%
1998 Armageddon
56%
2004 Jersey Girl
56%
2016 Suicide Squad
56%
2010 The Town
52%
2023 The Flash
48%
2019 Jay and Silent Bob Reboot
44%
1993 Dazed and Confused
41%
1999 Forces of Nature
41%
2006 Smokin' Aces
41%
2016 The Accountant
41%
2006 Clerks II
37%
2022 Clerks III
37%
2007 Gone Baby Gone
37%
1998 Shakespeare in Love
33%
2021 Zack Snyder's Justice League
33%
2023 Air
30%
2006 Hollywoodland
30%
2021 The Last Duel
30%
2020 The Way Back
30%
2022 Deep Water
26%
2016 Live by Night
26%
2003 Paycheck
26%
2000 Reindeer Games
26%
2013 Runner Runner
26%
2005 Elektra
22%
1998 Phantoms
22%
2002 The Sum of All Fears
22%
2000 Boiler Room
19%
2000 Bounce
19%
2009 He's Just Not That Into You
19%
1992 School Ties
19%
2009 State of Play
19%
2021 The Tender Bar
19%
1995 Glory Daze
15%
2004 Surviving Christmas
15%
2020 The Last Thing He Wanted
15%
1992 Buffy the Vampire Slayer
7%
2023 Hypnotic
7%
2012 To the Wonder
7%
2019 Triple Frontier
7%
1999 200 Cigarettes
4%
2023 Aquaman and the Lost Kingdom
4%
1991 Daddy
4%
2001 Daddy and Them
4%
2009 Extract
4%
1989 Field of Dreams
4%
1997 Going All the Way
4%
1987 Hands of A Stranger
4%
2000 Joseph: King of Dreams
4%
2006 Man About Town
4%
2010 The Company Men
4%
1981 The Dark End of the Street
4%
2002 The Third Wheel
4%
TBD Unstoppable
4%
TBD Untitled Accountant Sequel
4%
2003 All Grown Up
0%
TBD Apostle Paul
0%
2016 Batman V. Superman: Dawn of Justice: Ultimate Edition
0%
2002 Chaning Lanes
0%
2008 Dakota Skye
0%
2005 Feast
0%
TBD Keeper of the Lost Cities
0%
2014 More Time With Family
0%
2017 Night Job
0%
TBD Small Things Like These
0%
2002 Speakeasy
0%
2002 Stolen Summer
0%
2003 The Battle of Shaker Heights
0%
TBD The Instigators
0%
2016 The Intervention
0%
2009 The Messenger
0%
TBD Thirst
0%
TBD Witness For the Prosecution
0%
No matching quizzes found
Score Distribution
Percent of People with Each Score
Percentile by Number Answered
Your Score History
You have not taken this quiz since the last reset